Understanding delta-sigma data converters (Record no. 11001)
[ view plain ]
| 000 -LEADER | |
|---|---|
| fixed length control field | 00569 a2200181 4500 |
| 020 ## - INTERNATIONAL STANDARD BOOK NUMBER | |
| International Standard Book Number | 0471465852 |
| 040 ## - CATALOGING SOURCE | |
| Original cataloging agency | DLC |
| 082 00 - DEWEY DECIMAL CLASSIFICATION NUMBER | |
| Classification number | 621.38159 |
| 100 ## - MAIN ENTRY--PERSONAL NAME | |
| Personal name | Schreier, Richard |
| 110 ## - MAIN ENTRY--CORPORATE NAME | |
| Corporate name or jurisdiction name as entry element | Temes, Gabor C |
| 245 10 - TITLE STATEMENT | |
| Title | Understanding delta-sigma data converters |
| Statement of responsibility, etc. | Richard Schreier |
| 260 ## - PUBLICATION, DISTRIBUTION, ETC. | |
| Place of publication, distribution, etc. | Piscataway, NJ : |
| Name of publisher, distributor, etc. | IEEE Press ; |
| Place of publication, distribution, etc. | Hoboken, N.J. ; |
| -- | Chichester : |
| Name of publisher, distributor, etc. | Wiley ; |
| Date of publication, distribution, etc. | c2005. |
| 300 ## - PHYSICAL DESCRIPTION | |
| Extent | xii, 446 p. : |
| Other physical details | ill. ; |
| Dimensions | 24 cm. |
| 650 #0 - SUBJECT ADDED ENTRY--TOPICAL TERM | |
| Topical term or geographic name entry element | Digital-to-analog converters. |
| 650 #0 - SUBJECT ADDED ENTRY--TOPICAL TERM | |
| Topical term or geographic name entry element | Modulators (Electronics) |
| 700 1# - ADDED ENTRY--PERSONAL NAME | |
| Personal name | Schreier, Richard |
| 942 ## - ADDED ENTRY ELEMENTS (KOHA) | |
| Koha item type | Book |
| Call number prefix | 621.38159 SCH |
| Source of classification or shelving scheme | |
| Withdrawn status | Lost status | Damaged status | Not for loan | Collection code | Permanent Location | Current Location | Shelving location | Date acquired | Source of acquisition | Cost, normal purchase price | Total Checkouts | Full call number | Barcode | Date last seen | Price effective from | Koha item type |
|---|---|---|---|---|---|---|---|---|---|---|---|---|---|---|---|---|
| Central Library (CL) | Central Library (CL) | General Stacks | 07/13/2012 | A&J DEF TEK Consultants | 10452.00 | 621.38159 SCH | SEECS011393 | 01/22/2024 | 01/05/2017 | Book | ||||||
| Central Library (CL) | Central Library (CL) | General Stacks | 07/13/2012 | A&J DEF TEK Consultants | 10452.00 | 621.38159 SCH | SEECS011392 | 11/14/2012 | 01/05/2017 | Book |
